000 004660000a22001930004500
003 LK-CoMWRAF
005 20230906112922.0
008 230817t2003 ||||| |||| 00| 0 eng d
020 _a9774247345
040 _aLK-CoMWRAF
_dLK-CoMWRAF
_eLK-CoMWRAF
041 _aeng
082 _a823
_bMOS
100 _aMosteghanemi, Ahlam
245 _aMemory in flesh
260 _aNew York :
_bCairo press,
_c2003
300 _a262p
650 _aEnglish Fiction
942 _cBK
999 _c732
_d732